00503nam a2200169Ia 450000500170000000800410001704000190005804100120007708200160008910000220010524500570012726000550018430000120023950400500025165000220030185000100032320230623113456.0131103s9999 xx 000 0 und d aLoreto College aEnglish a942.01bWHI aWhitelock,Dorothy 4aThe Beginnings of English societycDorothy Whitelock aHarmondsworthbPenguin Booksc1952 (1956 printing) a256 p.  aIncludes bibliographical references and index aEngland - History aLCLIB